Random Historic States - Map Quiz - Statistics

General Stats
  • This quiz has been taken 2,914 times
  • The average score is 11 of 15
Answers on the Map
Answers color-coded by a green-red scale on the quiz's map according to % correct below.
 
Answer Stats
Answer % Correct
British Empire
89%
Confederate States of America
89%
Russian Empire
89%
First Mexican Empire
88%
Mongol Empire
87%
Dominion of Newfoundland
86%
Portuguese Empire
86%
Empire of Japan
85%
Spanish Empire
85%
Soviet Union
84%
Swedish Empire
83%
Austria-Hungary
82%
Ottoman Empire
82%
Roman Empire
82%
Gran Colombia
81%
Italian Empire
81%
Polish-Lithuanian Commonwealth
81%
Yugoslavia
81%
Inca Empire
80%
Nazi Germany
80%
Kingdom of Prussia
78%
Holy Roman Empire
77%
Kingdom of Serbia
77%
Kingdom of the Two Sicilies
77%
Byzantine Empire
76%
Qing Dynasty
76%
Dutch Empire
74%
Papal States
74%
First French Empire
73%
Frankish Empire
73%
French Third Republic
73%
Mali Empire
73%
Nguyễn Dynasty
73%
Second Polish Republic
73%
Sultanate of Zanzibar
73%
Belgian Empire
72%
Mughal Empire
71%
Umayyad Caliphate
71%
Han Dynasty
68%
Achaemenid Empire
67%
Ming Dynasty
67%
Kalmar Union
66%
Khmer Empire
64%
Goryeo
63%
Mamluk Sultanate
61%
Goguryeo
60%
Majapahit
60%
Ghana Empire
59%
Tang Dynasty
58%
Maurya Empire
57%
Rattanakosin Kingdom
53%
Sulu Sultanate
50%
Songhai Empire
46%
Toungoo Empire
45%
No matching quizzes found
Score Distribution
Percent of People with Each Score
Percentile by Number Answered
Your Score History
You have not taken this quiz